Statistiken für Alle Gemeinden von Niederösterreich auf einer Karte

Klicken Sie hier um das Quiz zu spielen!

Allgemein

  • Dieses Quiz wurde 986 mal gespielt
    (962 seit der letzten Aktualisierung)
  • Das Durchschnittsergebnis liegt bei 190 aus 573

Antworten auf der Karte

Die Antworten werden auf der Karte rot bzw. grün angezeigt, abhängig davon wie oft sie richtig erraten wurden.
 

Antwortstatistiken

EinwohnerBezirkTypGemeinde% Korrekt
55.044St. PöltenSSt. Pölten
81%
45.277Wiener NeustadtSWiener Neustadt
81%
23.727AmstettenSAmstetten
79%
16.144TullnSTulln an der Donau
79%
11.577GänserndorfSGänserndorf
78%
24.876Krems an der DonauSKrems an der Donau
78%
25.906BadenSBaden
77%
27.368TullnSKlosterneuburg
77%
13.245KorneuburgSKorneuburg
77%
5.606MelkSMelk
77%
6.458HornSHorn
76%
11.471MistelbachSMistelbach
76%
20.570MödlingSMödling
76%
5.459Waidhofen an der ThayaSWaidhofen an der Thaya
76%
1.254Waidhofen an der ThayaGWaidhofen an der Thaya-Land
76%
11.261Waidhofen an der YbbsSWaidhofen an der Ybbs
76%
8.037Bruck an der LeithaSBruck an der Leitha
75%
18.564Bruck an der LeithaSSchwechat
74%
10.885ZwettlSZwettl
74%
5.370GmündSGmünd
73%
11.798HollabrunnSHollabrunn
73%
12.709NeunkirchenSNeunkirchen
70%
6.244MistelbachSLaa an der Thaya
69%
2.761LilienfeldSLilienfeld
69%
4.132ScheibbsSScheibbs
65%
3.426Wiener Neustadt-LandMBad Fischau-Brunn
63%
1.332HornSGeras
63%
5.637MelkSYbbs an der Donau
63%
17.010KorneuburgSStockerau
62%
6.725Bruck an der LeithaSHainburg an der Donau
61%
11.924MödlingMBrunn am Gebirge
60%
829HornGBrunn an der Wild
60%
5.646Bruck an der LeithaSFischamend
59%
11.427GänserndorfSGroß-Enzersdorf
59%
12.062BadenSBad Vöslau
58%
11.294KorneuburgSGerasdorf bei Wien
58%
1.692BadenGKlausen-Leopoldsdorf
58%
1.475ZwettlMKottes-Purk
58%
18.937BadenSTraiskirchen
58%
9.433MödlingMWiener Neudorf
58%
887Bruck an der LeithaGBerg
57%
7.205MödlingMVösendorf
57%
2.178NeunkirchenMGrafenbach-St. Valentin
56%
3.658TullnMKirchberg am Wagram
56%
1.305GmündMKirchberg am Walde
56%
2.511NeunkirchenMKirchberg am Wechsel
56%
3.221St. Pölten-LandMKirchberg an der Pielach
56%
2.991GänserndorfSMarchegg
56%
4.230HollabrunnSRetz
56%
9.314AmstettenSSt. Valentin
56%
14.606NeunkirchenSTernitz
56%
1.541Bruck an der LeithaMHof am Leithagebirge
55%
5.944NeunkirchenSGloggnitz
54%
8.792GänserndorfSDeutsch-Wagram
53%
11.084BadenSEbreichsdorf
53%
5.135Bruck an der LeithaMLeopoldsdorf
53%
2.899GänserndorfMLeopoldsdorf im Marchfelde
53%
8.306St. Pölten-LandSNeulengbach
53%
9.713St. Pölten-LandSPurkersdorf
53%
1.895NeunkirchenGAspangberg-St. Peter
52%
7.399Bruck an der LeithaMHimberg
52%
459Wiener Neustadt-LandGRohr im Gebirge
52%
2.987St. Pölten-LandMAltlengbach
51%
938Bruck an der LeithaMAu am Leithagebirge
51%
4.769KorneuburgMBisamberg
51%
9.171MödlingMGuntramsdorf
51%
7.770St. Pölten-LandSPressbaum
51%
1.710Krems-LandMStraß im Straßertale
51%
3.416LilienfeldMTraisen
51%
4.193ScheibbsSWieselburg
51%
3.379ScheibbsGWieselburg-Land
51%
15.022MödlingMPerchtoldsdorf
50%
1.248Bruck an der LeithaMPetronell-Carnuntum
50%
3.937MelkSPöchlarn
50%
536NeunkirchenGSemmering
50%
5.194AmstettenMSt. Peter in der Au
50%
6.204St. Pölten-LandSTraismauer
50%
848Krems-LandSDürnstein
49%
7.607Krems-LandSLangenlois
49%
8.106KorneuburgMLangenzersdorf
49%
1.772Bruck an der LeithaMBad Deutsch-Altenburg
48%
5.059St. Pölten-LandMBöheimkirchen
48%
1.018Krems-LandGDroß
48%
5.569AmstettenSHaag
48%
2.252GmündSLitschau
48%
1.779ScheibbsMLunz am See
48%
8.675MödlingMMaria Enzersdorf
48%
5.398GmündSSchrems
48%
4.076TullnMZwentendorf an der Donau
48%
3.942GmündSHeidenreichstein
47%
7.831St. Pölten-LandSHerzogenburg
47%
2.729GänserndorfMHohenau an der March
47%
2.111GänserndorfMOrth an der Donau
47%
7.845TullnMSt. Andrä-Wördern
47%
2.653GmündSWeitra
47%
7.258MistelbachSWolkersdorf im Weinviertel
47%
3.532HornMGars am Kamp
46%
3.787LilienfeldSHainfeld
46%
1.304HollabrunnSHardegg
46%
4.887BadenMLeobersdorf
46%
10.392GänserndorfMStrasshof an der Nordbahn
46%
508LilienfeldGAnnaberg
45%
9.063BadenSBerndorf
45%
1.585MistelbachMBernhardsthal
45%
2.052ScheibbsMGöstling an der Ybbs
45%
5.528MistelbachSPoysdorf
45%
2.524NeunkirchenMReichenau an der Rax
45%
1.582Krems-LandMSpitz
45%
2.536BadenMAlland
44%
5.873MödlingMBreitenfurt bei Wien
44%
3.498HornSEggenburg
44%
3.059ScheibbsMGaming
44%
4.475ZwettlSGroß Gerungs
44%
2.005Bruck an der LeithaGHaslau-Maria Ellend
44%
1.094Bruck an der LeithaGWolfsthal
44%
3.411AmstettenMYbbsitz
44%
205GänserndorfGAderklaa
43%
867BadenGFurth an der Triesting
43%
2.959Krems-LandMFurth bei Göttweig
43%
4.983St. Pölten-LandMGablitz
43%
618ZwettlMKirchschlag
43%
2.864Wiener Neustadt-LandSKirchschlag in der Buckligen Welt
43%
7.330BadenMKottingbrunn
43%
1.124MödlingGLaab im Walde
43%
2.869MödlingMLaxenburg
43%
992ZwettlMOttenschlag
43%
2.644Waidhofen an der ThayaSRaabs an der Thaya
43%
1.860LilienfeldMSt. Aegyd am Neuwalde
43%
3.914LilienfeldMSt. Veit an der Gölsen
43%
3.366GänserndorfMAngern an der March
42%
2.228GänserndorfMDürnkrut
42%
3.204KorneuburgMErnstbrunn
42%
3.541Bruck an der LeithaMGramatneusiedl
42%
3.914MödlingMGumpoldskirchen
42%
4.003MödlingMHinterbrühl
42%
3.790MelkMLoosdorf
42%
4.132Bruck an der LeithaSMannersdorf am Leithagebirge
42%
549AmstettenGSt. Georgen am Reith
42%
2.877AmstettenMSt. Georgen am Ybbsfelde
42%
1.342ScheibbsGSt. Georgen an der Leys
42%
6.563St. Pölten-LandSWilhelmsburg
42%
5.393GänserndorfSZistersdorf
42%
1.808ZwettlSAllentsteig
41%
4.349Wiener Neustadt-LandMFelixdorf
41%
2.332TullnMFels am Wagram
41%
1.203HornSDrosendorf-Zissersdorf
40%
2.537MelkMKilb
40%
1.415MistelbachMNeudorf im Weinviertel
40%
2.054NeunkirchenMPayerbach
40%
5.350ScheibbsMPurgstall an der Erlauf
40%
390NeunkirchenGSt. Corona am Wechsel
40%
1.654MelkMSt. Martin-Karlsbach
40%
1.914LilienfeldMTürnitz
40%
1.623ZwettlMArbesbach
39%
3.239Bruck an der LeithaMEnzersdorf an der Fischa
39%
1.703AmstettenGHollenstein an der Ybbs
39%
3.304MödlingMKaltenleutgeben
39%
3.238MelkSMank
39%
3.663St. Pölten-LandMMauerbach
39%
3.542Krems-LandSMautern an der Donau
39%
1.926AmstettenMOed-Oehling
39%
7.160BadenMPottendorf
39%
2.706NeunkirchenMPuchberg am Schneeberg
39%
3.456AmstettenMSeitenstetten
39%
1.935MistelbachMStaatz
39%
1.199ScheibbsGSt. Anton an der Jeßnitz
39%
2.989MelkMSt. Leonhard am Forst
39%
1.106Krems-LandMSt. Leonhard am Hornerwald
39%
1.111GmündMSt. Martin
39%
2.617AmstettenGSt. Pantaleon-Erla
39%
753GänserndorfGVelm-Götzendorf
39%
4.544Wiener Neustadt-LandMWöllersdorf-Steinabrückl
39%
3.035HollabrunnMGöllersdorf
38%
1.937HollabrunnSMaissau
38%
1.245GänserndorfMNeusiedl an der Zaya
38%
2.177MelkMPersenbeug-Gottsdorf
38%
637GänserndorfGRaasdorf
38%
1.416Krems-LandMWeißenkirchen in der Wachau
38%
3.791Krems-LandSGföhl
37%
2.848GänserndorfMLassee
37%
2.799GänserndorfMMatzen-Raggendorf
37%
1.548HollabrunnSPulkau
37%
3.552St. Pölten-LandMPyhra
37%
1.628HornMSigmundsherberg
37%
2.104TullnMAbsdorf
36%
1.870MistelbachMAsparn an der Zaya
36%
1.669GänserndorfMBad Pirawarth
36%
1.948ScheibbsMGresten
36%
1.508ScheibbsGGresten-Land
36%
1.539BadenGHeiligenkreuz
36%
4.567St. Pölten-LandMOber-Grafendorf
36%
2.445MelkMPöggstall
36%
968MelkMSchönbuhel-Aggsbach
36%
2.189Bruck an der LeithaMSchwadorf
36%
1.386Waidhofen an der ThayaMThaya
36%
1.760GänserndorfGUntersiebenbrunn
36%
3.540AmstettenMArdagger
35%
2.735MelkMBlindenmarkt
35%
1.228St. Pölten-LandGBrand-Laaben
35%
2.410MelkMDunkelsteinerwald
35%
3.934Bruck an der LeithaGEbergassing
35%
4.644St. Pölten-LandMEichgraben
35%
1.599KorneuburgMGroßmugl
35%
1.981Krems-LandMHadersdorf-Kammern
35%
1.084GänserndorfMJedenspeigen
35%
2.249TullnMJudenau-Baumgarten
35%
900MelkMMaria Taferl
35%
481LilienfeldGMitterbach am Erlaufsee
35%
2.982ScheibbsMOberndorf an der Melk
35%
2.016NeunkirchenGSchwarzau am Steinfeld
35%
646NeunkirchenMSchwarzau im Gebirge
35%
927Wiener Neustadt-LandMSchwarzenbach
35%
375St. Pölten-LandGSchwarzenbach an der Pielach
35%
1.198GänserndorfMSulz im Weinviertel
35%
643Krems-LandMAggsbach
34%
1.526GmündMBrand-Nagelberg
34%
170NeunkirchenGBürg-Vöstenhof
34%
3.001AmstettenGEnnsdorf
34%
1.956St. Pölten-LandMFrankenfels
34%
1.653MödlingGGaaden
34%
1.823ZwettlMGöpfritz an der Wild
34%
2.088Bruck an der LeithaMGötzendorf an der Leitha
34%
3.195TullnMGrafenwörth
34%
2.735Waidhofen an der ThayaSGroß-Siegharts
34%
1.240Bruck an der LeithaGHöflein
34%
874NeunkirchenGHöflein an der Hohen Wand
34%
2.634AmstettenMKematen an der Ybbs
34%
4.872KorneuburgMLeobendorf
34%
2.184Bruck an der LeithaGMaria-Lanzendorf
34%
1.703GänserndorfMObersiebenbrunn
34%
2.565St. Pölten-LandMRabenstein an der Pielach
34%
1.600Bruck an der LeithaMRohrau
34%
7.542TullnMSieghartskirchen
34%
5.147Wiener Neustadt-LandMSollenau
34%
3.631Wiener Neustadt-LandMTheresienfeld
34%
1.004GmündGUnserfrau-Altweitra
34%
1.397NeunkirchenGZöbern
34%
828HornGAltenburg
33%
3.811AmstettenMAschbach-Markt
33%
1.113MistelbachGDrasenhofen
33%
1.272GänserndorfMGroß-Schweinbarth
33%
3.197TullnMGroßweikersdorf
33%
2.277Wiener Neustadt-LandMKrumbach
33%
2.495Wiener Neustadt-LandMPernitz
33%
3.576BadenMPfaffstätten
33%
2.001Bruck an der LeithaMSommerein
33%
2.852MödlingGWienerwald
33%
1.783NeunkirchenMAspang-Markt
32%
1.318GmündMBad Großpertholz
32%
1.766MelkMEmmersdorf an der Donau
32%
1.100MelkMErlauf
32%
1.261Wiener Neustadt-LandMGutenstein
32%
2.674St. Pölten-LandMHofstetten-Grünau
32%
598Bruck an der LeithaGHundsheim
32%
1.915Bruck an der LeithaGLanzendorf
32%
913Krems-LandMMaria Laach am Jauerling
32%
2.584Krems-LandMPaudorf
32%
1.596St. Pölten-LandMPrinzersdorf
32%
1.718ZwettlMRappottenstein
32%
991HollabrunnGRetzbach
32%
2.922Bruck an der LeithaMTrautmannsdorf an der Leitha
32%
2.808St. Pölten-LandSTullnerbach
32%
2.639Waidhofen an der ThayaMVitis
32%
1.748Bruck an der LeithaGZwölfaxing
32%
2.076GänserndorfMEngelhartstetten
31%
4.183BadenMEnzesfeld-Lindabrunn
31%
1.590MistelbachMGroßkrut
31%
1.568NeunkirchenMGrünbach am Schneeberg
31%
2.220KorneuburgMHagenbrunn
31%
3.747KorneuburgMHausleiten
31%
1.818MelkMHürm
31%
1.403St. Pölten-LandGKasten bei Böheimkirchen
31%
2.755Wiener Neustadt-LandMLichtenwörth
31%
1.933MelkMNeumarkt an der Ybbs
31%
1.546LilienfeldGRohrbach an der Gölsen
31%
1.863Krems-LandMSchönberg am Kamp
31%
1.009St. Pölten-LandGSt. Margarethen an der Sierning
31%
1.122MelkGSt. Oswald
31%
2.186AmstettenMWallsee-Sindelburg
31%
997GänserndorfGWeiden an der March
31%
2.309TullnGZeiselmauer-Wolfpassing
31%
3.403HollabrunnMZiersdorf
31%
2.103BadenMAltenmarkt an der Triesting
30%
3.108Wiener Neustadt-LandMBad Erlach
30%
3.116MödlingMBiedermannsdorf
30%
3.179Wiener Neustadt-LandSEbenfurth
30%
1.262GänserndorfMEckartsau
30%
3.963MistelbachGGaweinstal
30%
1.172GänserndorfGHaringsee
30%
1.470Waidhofen an der ThayaMKarlstein an der Thaya
30%
348GänserndorfGMannsdorf an der Donau
30%
720GmündGMoorbad Harbach
30%
912AmstettenGOpponitz
30%
1.606Bruck an der LeithaMPrellenkirchen
30%
300ScheibbsGPuchenstuben
30%
3.853AmstettenMSonntagberg
30%
1.986MelkMYspertal
30%
1.022Krems-LandMAlbrechtsberg an der Großen Krems
29%
1.180MelkMArtstetten-Pöbring
29%
3.043TullnMAtzenbrugg
29%
1.958GänserndorfMAuersthal
29%
730Wiener Neustadt-LandGBad Schönau
29%
1.733KorneuburgMEnzersfeld im Weinviertel
29%
1.424Bruck an der LeithaGGöttlesbrunn-Arbesthal
29%
1.519LilienfeldMHohenberg
29%
756Krems-LandMKrumau am Kamp
29%
2.377TullnMLangenrohr
29%
2.036Krems-LandMLichtenau im Waldviertel
29%
893GänserndorfGMarkgrafneusiedl
29%
1.642MelkGMünichreith-Laimbach
29%
1.570St. Pölten-LandGNeustift-Innermanzing
29%
2.961BadenMPottenstein
29%
1.107MistelbachMRabensburg
29%
1.950GänserndorfMSchönkirchen-Reyersdorf
29%
1.505ZwettlMSchwarzenau
29%
3.962KorneuburgMSierndorf
29%
2.324KorneuburgMSpillern
29%
3.712BadenMTrumau
29%
2.029GänserndorfMWeikendorf
29%
1.061Wiener Neustadt-LandGWeikersdorf am Steinfelde
29%
1.102GmündMAmaliendorf-Aalfang
28%
355ZwettlGBärnkopf
28%
322NeunkirchenGBreitenstein
28%
1.112GänserndorfMDrösing
28%
2.240AmstettenGErnsthofen
28%
2.674AmstettenMEuratsfeld
28%
516ZwettlMGutenbrunn
28%
868LilienfeldGKleinzell
28%
1.755ZwettlMLangschlag
28%
2.319St. Pölten-LandMObritzberg-Rust
28%
1.386MelkMPetzenkirchen
28%
2.807NeunkirchenMPitten
28%
862LilienfeldGRamsau
28%
1.892ScheibbsMRandegg
28%
2.123BadenGSchönau an der Triesting
28%
689NeunkirchenMSchottwien
28%
1.361KorneuburgGStetten
28%
2.091AmstettenMStrengberg
28%
1.645NeunkirchenMWimpassing im Schwarzatale
28%
2.147AmstettenMAllhartsberg
27%
1.020ZwettlMBad Traunstein
27%
1.197MelkMBischofstetten
27%
3.090Krems-LandMGrafenegg
27%
2.227KorneuburgMGroßrußbach
27%
1.567HollabrunnMHaugsdorf
27%
1.410Wiener Neustadt-LandGHohe Wand
27%
1.578St. Pölten-LandGInzersdorf-Getzersdorf
27%
3.042St. Pölten-LandMMaria-Anzbach
27%
3.270TullnMMichelhausen
27%
598NeunkirchenMMönichkirchen
27%
2.970AmstettenMNeuhofen an der Ybbs
27%
2.113AmstettenMNeustadtl an der Donau
27%
1.540KorneuburgMNiederhollabrunn
27%
754Bruck an der LeithaGRauchenwarth
27%
941HollabrunnMSeefeld-Kadolz
27%
1.034BadenMSooß
27%
522Waidhofen an der ThayaMWaldkirchen an der Thaya
27%
1.739BadenMWeissenbach an der Triesting
27%
485GmündGHaugschlag
26%
1.532MödlingGHennersdorf
26%
1.094ZwettlMMartinsberg
26%
926ZwettlMPölla
26%
1.881NeunkirchenMScheiblingkirchen-Thernberg
26%
783ZwettlMSchönbach
26%
2.266ScheibbsMSteinakirchen am Forst
26%
1.807BadenMTeesdorf
26%
2.625MistelbachMUlrichskirchen-Schleinbach
26%
2.228AmstettenGWeistrach
26%
2.376HollabrunnMWullersdorf
26%
849ZwettlMAltmelon
25%
1.256Krems-LandGBergern im Dunkelsteinerwald
25%
909NeunkirchenMEdlitz
25%
4.863Wiener Neustadt-LandGEggendorf
25%
1.315NeunkirchenMGrimmenstein
25%
1.212GmündMGroßschönau
25%
1.044LilienfeldMKaumberg
25%
1.335TullnMKönigsbrunn am Wagram
25%
1.531MistelbachMKreuzstetten
25%
1.728MelkMMarbach an der Donau
25%
2.965MödlingGMünchendorf
25%
4.682BadenMOberwaltersdorf
25%
1.341GänserndorfMPalterndorf-Dobermannsdorf
25%
1.436GänserndorfMProttes
25%
2.000ZwettlMSchweiggers
25%
2.151HollabrunnMSitzendorf an der Schmida
25%
1.299HornGSt. Bernhard-Frauenhofen
25%
1.035KorneuburgMStetteldorf am Wagram
25%
1.581HornMWeitersfeld
25%
1.705St. Pölten-LandGWolfsgraben
25%
1.430MödlingGAchau
24%
2.212St. Pölten-LandMAsperhofen
24%
2.243AmstettenGBiberbach
24%
1.841BadenGBlumau-Neurißhof
24%
1.052Waidhofen an der ThayaMDietmanns
24%
1.606Waidhofen an der ThayaMDobersberg
24%
579MelkGDorfstetten
24%
1.247LilienfeldGEschenau
24%
475MistelbachMFalkenstein
24%
1.482MistelbachMGroßengersdorf
24%
1.109MistelbachMGroßharras
24%
1.707HollabrunnMHadres
24%
3.664AmstettenGHaidershofen
24%
1.002Wiener Neustadt-LandGHochwolkersdorf
24%
1.227Krems-LandGJaidhof
24%
2.511TullnMKönigstetten
24%
3.995Wiener Neustadt-LandMLanzenkirchen
24%
2.081St. Pölten-LandMMarkersdorf-Haindorf
24%
846HornGRosenburg-Mold
24%
1.450NeunkirchenGSeebenstein
24%
1.209ZwettlMWaldhausen
24%
1.104MelkMWeiten
24%
1.620ScheibbsGWolfpassing
24%
1.894AmstettenMZeillern
24%
785MistelbachGAltlichtenwarth
23%
3.419AmstettenGBehamberg
23%
1.330MistelbachMBockfließ
23%
1.215Wiener Neustadt-LandMBromberg
23%
1.799AmstettenMFerschnitz
23%
2.646BadenMHirtenberg
23%
1.635Wiener Neustadt-LandMHochneukirchen-Gschaidt
23%
1.696MelkGHofamt Priel
23%
1.418HornMIrnfritz-Messern
23%
2.182St. Pölten-LandMKarlstetten
23%
1.504MelkMKrummnußbaum
23%
1.472St. Pölten-LandMNeidling
23%
877MistelbachGNiederleis
23%
923Waidhofen an der ThayaGPfaffenschlag bei Waidhofen an der Thaya
23%
2.185TullnGSitzenberg-Reidling
23%
548MistelbachGUnterstinkenbrunn
23%
1.363ScheibbsMWang
23%
1.497Wiener Neustadt-LandMWiesmath
23%
2.004AmstettenMWolfsbach
23%
1.435TullnMWürmla
23%
733HollabrunnGAlberndorf im Pulkautal
22%
911GänserndorfMEbenthal
22%
679GmündMEisgarn
22%
1.260AmstettenGErtl
22%
2.363MödlingGGießhübl
22%
723HornMJapons
22%
3.228Wiener Neustadt-LandGKatzelsdorf
22%
593St. Pölten-LandGLoich
22%
897Waidhofen an der ThayaMLudweis-Aigen
22%
2.802BadenGMitterndorf an der Fischa
22%
1.549Krems-LandMRastenfeld
22%
623GmündGReingers
22%
1.243GänserndorfMRingelsdorf-Niederabsdorf
22%
1.181Bruck an der LeithaGScharndorf
22%
1.499BadenMSeibersdorf
22%
2.062Wiener Neustadt-LandMWaldegg
22%
1.513NeunkirchenMWarth
22%
690GmündMEggern
21%
973St. Pölten-LandGGerersdorf
21%
1.724BadenMGünselsdorf
21%
1.117Waidhofen an der ThayaMKautzen
21%
2.183St. Pölten-LandMKirchstetten
21%
1.019MelkMKlein-Pöchlarn
21%
1.452MistelbachGKreuttal
21%
2.280MistelbachMLadendorf
21%
1.043Wiener Neustadt-LandGLichtenegg
21%
3.026Wiener Neustadt-LandMMarkt Piesting
21%
1.772St. Pölten-LandMNußdorf ob der Traisen
21%
1.147MistelbachMPillichsdorf
21%
1.588HollabrunnMRavelsbach
21%
1.039ScheibbsGReinsberg
21%
1.723BadenMReisenberg
21%
2.089Krems-LandGRohrendorf bei Krems
21%
1.434KorneuburgGRußbach
21%
1.661MelkGTexingtal
21%
1.370AmstettenGViehdorf
21%
2.527St. Pölten-LandMWölbling
21%
141GänserndorfGAndlersdorf
20%
1.521MelkMGolling an der Erlauf
20%
997Wiener Neustadt-LandGHollenthon
20%
1.073MelkGKirnberg an der Mank
20%
664HornMLangau
20%
1.808Bruck an der LeithaGMoosbrunn
20%
1.298Krems-LandMMühldorf
20%
1.052MelkMRaxendorf
20%
1.068Krems-LandMRossatz-Arnsdorf
20%
817MistelbachGSchrattenberg
20%
1.009GänserndorfMSpannberg
20%
1.564MistelbachGWildendürnbach
20%
1.736AmstettenGWinklarn
20%
1.340HornMBurgschleinitz-Kühnring
19%
1.258ZwettlMEchsenbach
19%
301GänserndorfGGlinzendorf
19%
870ZwettlMGrafenschlag
19%
1.403Krems-LandMLengenfeld
19%
541MistelbachGOttenthal
19%
165GänserndorfGParbasdorf
19%
2.299MelkMRuprechtshofen
19%
1.974Krems-LandMSenftenberg
19%
1.400St. Pölten-LandGStatzendorf
19%
1.979NeunkirchenGSt. Egyden am Steinfeld
19%
976NeunkirchenGWillendorf
19%
1.228MelkGZelking-Matzleinsdorf
19%
2.449HollabrunnMZellerndorf
19%
2.193GmündMGroßdietmanns
18%
2.219MistelbachMGroßebersdorf
18%
4.018KorneuburgMHarmannsdorf
18%
1.256GänserndorfGHauskirchen
18%
1.388St. Pölten-LandMKapelln
18%
1.361MelkMLeiben
18%
1.651TullnGMuckendorf-Wipfing
18%
1.287ZwettlMSallingberg
18%
850St. Pölten-LandGStössing
18%
762HornMStraning-Grafenberg
18%
836Krems-LandMStratzing
18%
3.025TullnMTulbing
18%
1.199GmündGWaldenstein
18%
2.161MistelbachMWilfersdorf
18%
1.873Wiener Neustadt-LandMWinzendorf-Muthmannsdorf
18%
1.585NeunkirchenGWürflach
18%
2.025Wiener Neustadt-LandMZillingdorf
18%
1.051NeunkirchenGFeistritz am Wechsel
17%
1.378ZwettlMGroßgöttfritz
17%
1.139HollabrunnMGuntersdorf
17%
857MistelbachMHausbrunn
17%
1.309HollabrunnMHohenwarth-Mühlbach am Manhartsberg
17%
1.189KorneuburgGLeitzersdorf
17%
893St. Pölten-LandMMichelbach
17%
1.721NeunkirchenMNatschbach-Loipersbach
17%
1.057MelkMNöchling
17%
871HollabrunnSSchrattenthal
17%
1.369St. Pölten-LandGWeinburg
17%
1.933MelkGBergland
16%
1.206Waidhofen an der ThayaMGastern
16%
98GänserndorfGGroßhofen
16%
920TullnGGroßriedenthal
16%
1.662St. Pölten-LandMHafnerbach
16%
1.204St. Pölten-LandGHaunoldstein
16%
1.314HollabrunnGHeldenberg
16%
958MistelbachMHerrnbaumgarten
16%
915Bruck an der LeithaGKlein-Neusiedl
16%
872HornGMeiseldorf
16%
994MelkGSchollach
16%
1.247Krems-LandGWeinzierl am Walde
16%
1.582NeunkirchenGBreitenau
15%
1.956NeunkirchenGEnzenreith
15%
2.182Krems-LandGGedersdorf
15%
1.415GmündMHoheneich
15%
910GänserndorfMHohenruppersdorf
15%
2.069Wiener Neustadt-LandGMatzendorf-Hölles
15%
521Wiener Neustadt-LandGMuggendorf
15%
1.412St. Pölten-LandGPerschling
15%
309NeunkirchenGRaach am Hochgebirge
15%
1.629MistelbachMStronsdorf
15%
1.438BadenGTattendorf
15%
331NeunkirchenGAltendorf
14%
576GmündMHirschbach
14%
1.044HornMRöschitz
14%
821MistelbachGFallbach
13%
885MistelbachGGaubitsch
13%
1.152MistelbachMGnadendorf
13%
1.547BadenMHernstein
13%
684Wiener Neustadt-LandGMiesenbach
13%
707HornMPernegg
13%
1.267NeunkirchenGThomasberg
13%
539NeunkirchenGTrattenbach
13%
1.634NeunkirchenMWartmannstetten
13%
928Waidhofen an der ThayaMWindigsteig
13%
1.159MistelbachGHochleithen
12%
584NeunkirchenGOtterthal
12%
1.506Wiener Neustadt-LandGWaidmannsfeld
12%
557HollabrunnMMailberg
11%
1.217HollabrunnMNappersdorf-Kammersdorf
11%
427NeunkirchenGPrigglitz
10%
343NeunkirchenGBuchbach
9%
1.663HollabrunnMGrabern
9%
371NeunkirchenGSchrattenbach
9%
1.127Wiener Neustadt-LandGWalpersbach
9%
1.030HollabrunnMPernersdorf
8%
526HornGRöhrenbach
8%

Verteilung der Resultate

Perzentil nach korrekt beantworteten Fragen

Anzahl Personen mit jedem Resultat

Ihre Resultats-Entwicklung

Sie haben dieses Quiz seit der letzten Aktualisierung nicht gespielt